ឥទ្ធិពលនៃដំណាំជីស្រស់ទៅលើស្រូវដីអាស៊ីតក្នុងលក្ខខ័ណ្ឌកម្ពុជា (Record no. 130)
[ view plain ]
| 000 -LEADER | |
|---|---|
| fixed length control field | 00546nam a22001577a 4500 |
| 003 - CONTROL NUMBER IDENTIFIER | |
| control field | OSt |
| 005 - DATE AND TIME OF LATEST TRANSACTION | |
| control field | 20150908131737.0 |
| 008 - FIXED-LENGTH DATA ELEMENTS--GENERAL INFORMATION | |
| fixed length control field | 150908b xxu||||| |||| 00| 0 eng d |
| 040 ## - CATALOGING SOURCE | |
| Transcribing agency | RUA |
| 082 ## - DEWEY DECIMAL CLASSIFICATION NUMBER | |
| Classification number | AGR សយ 1992 B005 Or.1 |
| 100 ## - MAIN ENTRY--PERSONAL NAME | |
| 9 (RLIN) | 149 |
| Personal name | សយ បញ្ញា |
| 245 ## - TITLE STATEMENT | |
| Title | ឥទ្ធិពលនៃដំណាំជីស្រស់ទៅលើស្រូវដីអាស៊ីតក្នុងលក្ខខ័ណ្ឌកម្ពុជា |
| 260 ## - PUBLICATION, DISTRIBUTION, ETC. (IMPRINT) | |
| Place of publication, distribution, etc. | Phnom Penh |
| Name of publisher, distributor, etc. | RUA |
| Date of publication, distribution, etc. | 1992 |
| 300 ## - PHYSICAL DESCRIPTION | |
| Extent | 88p. |
| Other physical details | ill. |
| Dimensions | 29cm. |
| 942 ## - ADDED ENTRY ELEMENTS (KOHA) | |
| Source of classification or shelving scheme | |
| Koha item type | AGR |
| Price effective from | Date last seen | Permanent Location | Not for loan | Date acquired | Source of classification or shelving scheme | Koha item type | Lost status | Withdrawn status | Date last checked out | Total Checkouts | Shelving location | Damaged status | Barcode | Current Location | Full call number |
|---|---|---|---|---|---|---|---|---|---|---|---|---|---|---|---|
| 2015-09-08 | 2015-09-08 | Library Block B | 2015-09-08 | AGR | B005 | RUA004179 | Library Block B | AGR សយ 1992 B005 Or.1 | |||||||
| 2015-09-08 | 2015-09-08 | Library Block B | 2015-09-08 | AGR | B005 | RUA004322 | Library Block B | AGR សយ 1992 B005 Or.2 | |||||||
| 2015-09-08 | 2016-11-08 | Library Block B | 2015-09-08 | AGR | 2016-10-28 | 1 | B005 | RUA004035 | Library Block B | AGR សយ 1992 B005 Or.3 | |||||
| 2015-09-08 | 2015-09-08 | Library Block B | 2015-09-08 | AGR | B005 | RUA004394 | Library Block B | AGR សយ 1992 B005 Or.4 | |||||||
| 2015-09-08 | 2015-09-08 | Library Block B | 2015-09-08 | AGR | B005 | RUA004466 | Library Block B | AGR សយ 1992 B005 Or.5 | |||||||
| 2015-09-08 | 2015-09-08 | Library Block B | 2015-09-08 | AGR | B005 | RUA004185 | Library Block B | AGR សយ 1992 B005 Or.6 | |||||||
| 2015-09-08 | 2015-09-08 | Library Block B | 2015-09-08 | AGR | B005 | RUA004473 | Library Block B | AGR សយ 1992 B005 Or.7 | |||||||
| 2015-09-08 | 2021-02-01 | Library Block B | 2015-09-08 | AGR | 2021-01-20 | 1 | B005 | RUA004250 | Library Block B | AGR សយ 1992 B005 Or.8 | |||||
| 2015-09-08 | 2015-09-08 | Library Block B | 2015-09-08 | AGR | B005 | RUA004319 | Library Block B | AGR សយ 1992 B005 Or.9 |